[Event "AUTO-INT-564"]
[Site "http://www.queenalice.com/game.php?id=251431"]
[Date "2007.8.5"]
[Round "1"]
[White "alevin"]
[Black "plano99"]
[Result "0-1"]
[WhiteElo "1665"]
[BlackElo "1696"]

1. e4 e5 2. Nf3 Nc6 3. Bc4 g6 4. d4 Bb4+ 5. c3 Be7 6. dxe5 d6 7. exd6 Bxd6 8.
Ng5 Be6 9. Bxe6 fxe6 10. Nxe6 Qd7 11. Nd4 Nxd4 12. Qxd4 Bf4 13. Qxh8 Qf7 14.
Bxf4 O-O-O 15. Bg5 Re8 16. Qd4 h6 17. Be3 Rd8 18. Qxa7 c6 19. O-O Nf6 20. Qa8+
Kc7 21. Bb6+ Kd7 22. Qxd8+ Ke6 23. Nd2 Nd7 24. Nc4 g5 25. Rad1 Ne5 0-1

[Event "AUTO-INT-564"]
[Site "http://www.queenalice.com/game.php?id=251446"]
[Date "2007.8.5"]
[Round "1"]
[White "DaarSchaaktTie"]
[Black "alevin"]
[Result "1-0"]
[WhiteElo "1504"]
[BlackElo "1514"]

1. d4 d5 2. Nc3 Nf6 3. Nf3 Nbd7 4. Bg5 g6 5. Bxf6 Nxf6 6. e3 Bg7 7. Qd3 Bf5 8.
Qb5+ c6 9. Qxb7 O-O 10. Qxc6 Bxc2 11. Nxd5 Be4 12. Nxf6+ Bxf6 13. Qxe4 1-0

[Event "AUTO-INT-564"]
[Site "http://www.queenalice.com/game.php?id=251447"]
[Date "2007.8.5"]
[Round "1"]
[White "alevin"]
[Black "DaarSchaaktTie"]
[Result "1-0"]
[WhiteElo "1570"]
[BlackElo "1701"]

1. e4 e5 2. Nf3 Bc5 3. Nxe5 Qh4 4. d4 Qxe4+ 5. Be3 Bd6 6. Nc3 Qf5 7. Bd3 Qe6 8.
Bc4 Qf6 9. Ne4 Qe7 10. Nxd6+ Qxd6 11. Nxf7 Qb4+ 12. c3 Qxc4 13. Nxh8 Nf6 14. Qb3
Qxb3 15. axb3 Kf8 16. O-O Kg8 17. Rfe1 Kxh8 18. Bg5 Na6 19. Bxf6 gxf6 20. Re8+
Kg7 21. Rae1 d6 22. R1e7+ Kg6 23. Rg8+ Kh6 24. Re4 Kh5 25. g3 b6 26. Rh4# 1-0

[Event "AUTO-INT-564"]
[Site "http://www.queenalice.com/game.php?id=251456"]
[Date "2007.8.5"]
[Round "1"]
[White "Paked"]
[Black "alevin"]
[Result "0-1"]
[WhiteElo "1706"]
[BlackElo "1528"]

1. e4 c5 2. Nf3 d6 3. d4 cxd4 4. Nxd4 Nf6 5. Nc3 e6 6. Bg5 a6 7. Nf3 Be7 8. Bc4
b5 9. Bb3 Bb7 10. e5 Ne4 11. Nxe4 Bxe4 12. Bxe7 Qxe7 13. exd6 Qd7 14. Ne5 Qb7
15. d7+ Nxd7 16. Nxd7 Qxd7 17. Qxd7+ Kxd7 18. f3 Bb7 19. O-O a5 20. a3 a4 21.
Ba2 Kc6 22. c4 Rhd8 23. Rac1 bxc4 24. Bxc4 Kb6 25. Ba2 Rd2 26. Rf2 Rad8 27. Rb1
Rxf2 28. Kxf2 Rd2+ 29. Kg1 Ba6 30. h3 Bd3 0-1

[Event "AUTO-INT-564"]
[Site "http://www.queenalice.com/game.php?id=251457"]
[Date "2007.8.5"]
[Round "1"]
[White "alevin"]
[Black "Paked"]
[Result "1-0"]
[WhiteElo "1479"]
[BlackElo "1715"]

1. e4 e5 2. Nf3 Nc6 3. Bb5 Bc5 4. c3 Nge7 5. d4 exd4 6. cxd4 Bb6 7. O-O a6 8.
Ba4 Ba7 9. Re1 b5 10. Bb3 d5 11. exd5 Na5 12. Bc2 O-O 13. Ng5 Nxd5 14. Bxh7+ Kh8
15. Qh5 g6 16. Bxg6+ Kg7 17. Qh7+ Kf6 18. Bxf7 1-0

[Event "AUTO-INT-634"]
[Site "http://www.queenalice.com/game.php?id=279326"]
[Date "2007.9.30"]
[Round "1"]
[White "alevin"]
[Black "allgambits"]
[Result "1-0"]
[WhiteElo "1579"]
[BlackElo "1619"]

1. e4 e5 2. Nf3 Nc6 3. Bc4 Nd4 4. Nxd4 exd4 5. c3 Bc5 6. Bxf7+ Kxf7 7. Qh5+ Kf8
8. Qxc5+ Qe7 9. Qxd4 Nf6 10. d3 d6 11. Nd2 Be6 12. Nf3 Kf7 13. e5 Rhd8 14. exf6
gxf6 15. O-O Rg8 16. Re1 Ke8 17. Qe4 1-0

[Event "AUTO-INT-634"]
[Site "http://www.queenalice.com/game.php?id=279327"]
[Date "2007.9.30"]
[Round "1"]
[White "allgambits"]
[Black "alevin"]
[Result "1-0"]
[WhiteElo "1595"]
[BlackElo "1603"]

1. Nf3 d5 2. d4 Bf5 3. g3 e6 4. Bg2 Nd7 5. Nc3 c5 6. Bf4 cxd4 7. Nxd4 Bg6 8.
Ndb5 Rc8 9. Bd6 a6 10. Bxf8 Nxf8 11. Nd4 Nf6 12. O-O e5 13. Nb3 d4 14. Na4 b5
15. Nac5 N8d7 16. Nb7 Qc7 17. Qd2 Bxc2 18. Qb4 Bxb3 19. Nd6+ 1-0

[Event "AUTO-INT-634"]
[Site "http://www.queenalice.com/game.php?id=279328"]
[Date "2007.9.30"]
[Round "1"]
[White "alevin"]
[Black "luciano"]
[Result "1-0"]
[WhiteElo "1625"]
[BlackElo "1704"]

1. d4 d5 2. Nf3 Nc6 3. Nc3 Nf6 4. Bf4 a6 5. h3 e6 6. Ne5 Nxe5 7. Bxe5 b6 8. Qd3
c5 9. e4 c4 10. Qe3 b5 11. Bxf6 gxf6 12. exd5 Bg7 13. g4 O-O 14. Bg2 exd5 15.
O-O-O f5 16. Bxd5 Ra7 17. Bf3 Qd6 18. gxf5 Bxf5 19. Qg5 Qf6 20. Qxf6 Bxf6 21.
Rdg1+ Kh8 22. Ne2 Rg8 23. Rxg8+ Kxg8 24. d5 Rd7 25. Nf4 c3 26. bxc3 Bxc3 27. Ne2
Bb4 28. h4 Rc7 29. Nd4 Bd7 30. h5 Ba3+ 31. Kd1 Rc4 32. Ne2 Bf5 33. c3 a5 34. Nd4
Rxc3 35. Nxf5 Rxf3 36. Nh6+ Kg7 37. Ke2 Rf6 38. Ng4 Rf4 39. f3 Ra4 40. Rb1 Rb4
41. Rxb4 Bxb4 42. Kd3 f5 43. Ne3 Kf6 44. Nc2 Bd6 45. Nd4 b4 46. Kc4 Kg5 47. Nb5
Bf8 48. d6 Kxh5 49. d7 Be7 50. Nd4 Kh4 51. Nxf5+ 1-0

[Event "AUTO-INT-634"]
[Site "http://www.queenalice.com/game.php?id=279329"]
[Date "2007.9.30"]
[Round "1"]
[White "luciano"]
[Black "alevin"]
[Result "0-1"]
[WhiteElo "1700"]
[BlackElo "1629"]

1. e4 e5 2. d4 exd4 3. c3 dxc3 4. Bc4 cxb2 5. Bxb2 d5 6. Bxd5 Nf6 7. Bxf7+ Kxf7
8. Qxd8 Bb4+ 9. Bc3 Bxc3+ 10. Nxc3 Rxd8 11. Nge2 c5 12. Rd1 Rxd1+ 13. Kxd1 Be6
14. Nb5 Nc6 15. Nd6+ Ke7 16. Nxb7 Nxe4 17. Kc1 Nxf2 18. Rf1 Ne4 19. Rf4 Bd5 20.
Rh4 Rb8 21. Rh5 Nf6 22. Rg5 Rxb7 23. Rxg7+ Bf7 24. Ng3 Kf8 25. Rg5 Nb4 26. Nf5
Nxa2+ 27. Kc2 Bd5 28. Nd6 Rg7 29. Rf5 Rxg2+ 30. Kd3 Ke7 31. Nb7 Be4+ 0-1

[Event "Let's Play Chess!"]
[Site "http://www.queenalice.com/game.php?id=287957"]
[Date "2007.10.17"]
[Round "-"]
[White "J_Ricardo"]
[Black "alevin"]
[Result "1-0"]
[WhiteElo "1465"]
[BlackElo "1651"]

1. e4 e5 2. d3 Nf6 3. Nf3 Nc6 4. a3 Be7 5. Bd2 d5 6. h3 dxe4 7. dxe4 Nxe4 8. Be3
Qxd1+ 9. Kxd1 O-O 10. Bd3 Bf5 11. Nbd2 Nxd2 12. Nxd2 Bxd3 13. cxd3 Rad8 14. Ke2
Rd7 15. Bxa7 Nxa7 16. Rhe1 Nc6 17. Kf1 Rxd3 18. Ne4 Nd4 19. Rac1 Nc6 20. Nc5
Bxc5 21. Rxc5 1-0